Las cooperativas una alternativa econm̤ica /

Bibliographic Details
Main Author: Divar, Javier, 1948-
Format: Book
Language:Spanish
Published: Madrid : Dykinson, 2011
Subjects:
Online Access:Acceso restringido

MARC

LEADER 00000nam a2200000 a 4500
005 20120330123320.0
007 cr|||| ||||
008 120112s2011 sp 000 0 spa c
017 |a DL SE. 8587-2011 
020 |a 9788415454076  
035 |a 6296 
040 |d vLex 
080 |a 334.73 
090 |c 3106  |d 3106 
100 1 |a Divar, Javier,  |d 1948- 
245 1 4 |a Las cooperativas   |h [Recurso electrn̤ico] :  |b una alternativa econm̤ica /  |c Javier Divar Garteiz-Aurrecoa 
256 |a Servicio en ln̕ea 
260 |a Madrid :  |b Dykinson,  |c 2011 
300 |a 1 recurso electrn̤ico 
506 1 |a Contenido solo disponible en los productos indicados  |d vLex Global   |d vLex Global (Academic Edition, excluding Law Schools)   |d vLex Global (U.S. Academic Edition, Law Schools)   |d vLex Global (U.S. Academic Edition, excluding Law Schools)   |d vLex Global (Academic Edition, Law Schools)  
650 0 4 |a Cooperativas 
650 0 4 |a Cooperativismo 
650 0 4 |a Derecho de sociedades 
650 0 4 |a Sociedades laborales 
740 0 |a vLex Libros (Servicio en ln̕ea) 
856 4 0 |u http://vlex.com/source/cooperativas-alternativa-economica-6296  |z Acceso restringido 
942 |c BOOK 
999 0 |a  Corporation law 
999 0 |a Cooperative societies